000 00196 a2200097 4500
001 11826
100 _aMaillaud, P.
245 _aFrance
260 _a
_bOxford University
_c
090 _c9082
_d9082
942 _aNUST-CAE
_cM
_c35914
999 _c246899
_d246899